Integración real y grupos de poder económico en América Central: implicaciones para el desarrollo y la democracia de la región /
Este documento constituye el informe final del estudio "Integración Real y Grupos de Poder Económico en América Central: Implicaciones para el Desarrollo y la Democracia de la Región", financiado por la Fundación Fiedrish Ebert (FES), y que forma parte integral del programa de investigacio...
محفوظ في:
| المؤلف الرئيسي: | |
|---|---|
| التنسيق: | نص |
| اللغة: | Spanish |
| منشور في: |
San José:
Fundación Friedrich Ebert
2005
|
| الموضوعات: | |
| الوسوم: |
إضافة وسم
لا توجد وسوم, كن أول من يضع وسما على هذه التسجيلة!
|
MARC
| LEADER | 00000 a a2200000 04500 | ||
|---|---|---|---|
| 001 | 33657 | ||
| 003 | cru CIDCACS/IIS | ||
| 005 | 20230705113336.0 | ||
| 008 | 230321e2005 cr ||||| |||| 00| 0 spa d | ||
| 040 | |c CRAI IIS | ||
| 090 | |a 01.02.01 S459i | ||
| 100 | |a Segovia, Alexander | ||
| 245 | |a Integración real y grupos de poder económico en América Central: implicaciones para el desarrollo y la democracia de la región / |c Alexander Segovia | ||
| 260 | |a San José: |b Fundación Friedrich Ebert |c 2005 | ||
| 300 | |a 188 p. |e Más resumen ejecutivo de 20 páginas | ||
| 500 | |a El centro de documentación contiene: resumen ejecutivo, los cuáles pertenecen a los códigos #06699 y #00764 | ||
| 520 | |a Este documento constituye el informe final del estudio "Integración Real y Grupos de Poder Económico en América Central: Implicaciones para el Desarrollo y la Democracia de la Región", financiado por la Fundación Fiedrish Ebert (FES), y que forma parte integral del programa de investigaciones sobre la nueva inserción de América Central y el Rol de la Integración Centroamericana del proyecto regional "Las economías y Sociedades de América Central a principios del siglo XXI". El estudio tiene como objetivos generales analizar las implicaciones para el desarrollo y la democracia de la integración impulsada por los grupos económicos globalizados de la región así como la incidencia de dichos grupos en el proceso de decisiones políticas y en la configuración de los sistemas políticos. Además busca presentar recomendaciones a los tomadores de decisiones políticas encaminadas a fortalecer el proceso de integración socioeconómico y político regional, en el contexto de una democracia verderamente participativa y socialmente equilibrada | ||
| 650 | |a AMERICA CENTRAL | ||
| 650 | |a GLOBALIZACION | ||
| 650 | |a INTEGRACION ECONOMICA | ||
| 650 | |a EMPRESAS TRANSNACIONALES | ||
| 650 | |a GRUPOS DE INTERES | ||
| 650 | |a PODER DE COMRA | ||
| 650 | |a CONCENTRACION DEL CAPITAL | ||
| 650 | |a DESIGUALDAD ECONOMICA | ||
| 650 | |a CONSECUENCIAS ECONOMICAS | ||
| 942 | |2 ddc |c LI | ||
| 999 | |c 5617 |d 5617 | ||
